000 00642nam a22002057a 4500
005 20250729160153.0
010 _aENG-146248
020 _a9789348685827
_c700.00
035 _aEN-129780
037 _bDBAD
082 _a346.54
_21
100 _aLourdusamy, T.
_983486
245 _aCanon Law on Marrige/
_cT. Lourdusamy
250 _a1
260 _aBengaluru
_bATC Publishers
_c2025
270 _a9/12-1, 1st Floor, Lloyd's Road Cooke Town
_bBengaluru
_e560005
_madmin@atcpublishers.com
300 _a415p.
_c23cm(hb)
500 _aA Canonical and Pastoral Guide for Clergy and Laity
942 _2ddc
_cEN
_mLOU
_h346.54
999 _c212726
_d212726